[Event "Gelendzhik op 14th"]
[Site "Gelendzhik"]
[Date "2017.06.04"]
[Round "8"]
[White "Kornijuk, Alexandr"]
[Black "Skripko, Viktor"]
[Result "1-0"]
[WhiteElo "1311"]
[BlackElo "1552"]
[PlyCount "107"]
[EventDate "2017.05.28"]
[EventType "swiss"]
[EventRounds "9"]
[EventCountry "RUS"]
[SourceTitle "EXT 2018"]
[Source "ChessBase"]
[SourceDate "2017.10.13"]
[SourceVersion "1"]
[SourceVersionDate "2017.10.13"]
[SourceQuality "1"]

1. d4 d5 2. Nf3 Nc6 3. e3 Bg4 4. c4 e6 5. Nc3 Nf6 6. b3 Bb4 7. Bb2 Ne4 8. Rc1 Qf6 9. cxd5 Bxf3 10. Qxf3 Qxf3 11. gxf3 Nxc3 12. Bxc3 Bxc3+ 13. Rxc3 exd5 14. Bb5 Kd7 15. Bxc6+ bxc6 16. Ke2 Rab8 17. Rhc1 Rb6 18. Kd3 Re8 19. e4 dxe4+ 20. fxe4 Re6 21. f3 Rh6 22. R1c2 Rh3 23. Ke3 Rh6 24. d5 g5 25. dxc6+ Rbxc6 26. Rxc6 Rxc6 27. Rxc6 Kxc6 28. Kd3 Kc5 29. Kc3 a5 30. a3 f6 31. Kd3 Kd6 32. Kd4 c5+ 33. Kd3 h6 34. Kc3 Kc6 35. Kc4 h5 36. h3 h4 37. a4 Kd6 38. Kb5 Ke5 39. Kxc5 Kf4 40. b4 axb4 41. Kxb4 Kg3 42. a5 Kxh3 43. a6 Kg2 44. a7 h3 45. a8Q h2 46. f4 h1Q 47. e5+ Kh2 48. Qxh1+ Kxh1 49. exf6 g4 50. f7 g3 51. f8Q g2 52. Qh6+ Kg1 53. Qg5 Kf2 54. f5 1-0